000
00293nam a22001217a 4500
008
181001b xxu||||| |||| 00| 0 eng d
041
_a
eng
080
_a
370
100
_a
48
101
_a
edu
245
_a
Content And Structure Readings For College Writers
_c
Willis.H
942
_2
udc
_c
BK
999
_c
48704
_d
48704